[Event "Saint Louis Rapid 2020"]
[Site "Saint Louis"]
[Date "2020.09.17"]
[Round "8"]
[White "Nakamura, Hikaru"]
[Black "Harikrishna, Pentala"]
[Result "1/2-1/2"]
[WhiteElo "2736"]
[BlackElo "2732"]
[Annotator "ChessBase"]
[PlyCount "111"]
[EventDate "2020.09.15"]
[EventType "rapid"]
[EventCountry "USA"]
[TimeControl "1500+5"]

1. e4 {[%emt 0:00:05]} c6 {[%emt 0:00:05]} 2. d4 {[%emt 0:00:02]} d5 {[%emt 0:00:01]} 3. e5 {[%emt 0:00:01]} Bf5 {[%emt 0:00:02]} 4. h4 {[%emt 0:00:00]} h5 {[%emt 0:00:02]} 5. Bd3 {[%emt 0:00:02]} Bxd3 {[%emt 0:00:23]} 6. Qxd3 {[%emt 0:00:02]} Qa5+ {[%emt 0:00:01]} 7. Nd2 {[%emt 0:00:02]} e6 {[%emt 0:00:08]} 8. Ne2 {[%emt 0:00:02]} Qa6 {[%emt 0:00:34]} 9. c4 {[%emt 0:00:38]} Nh6 {[%emt 0:00:42]} 10. Ng3 {[%emt 0:00:28]} c5 {[%emt 0:00:24]} 11. dxc5 {[%emt 0:02:52]} Nc6 {[%emt 0:00:32]} 12. b3 {[%emt 0:00:05]} Ng4 {[%emt 0:00:17]} 13. Bb2 {[%emt 0:00:24]} Bxc5 {[%emt 0:01:27]} 14. O-O {[%emt 0:00:02]} Ncxe5 {[%emt 0:02:21]} 15. Qe2 {[%emt 0:00:35]} Ng6 {[%emt 0:02:12]} 16. cxd5 {[%emt 0:06:00]} Qxe2 {[%emt 0:01:13]} 17. Nxe2 {[%emt 0:00:00]} exd5 {[%emt 0:01:05]} 18. Bxg7 {[%emt 0:02:11]} Rg8 {[%emt 0:00:05]} 19. Bd4 {[%emt 0:01:06]} Bxd4 {[%emt 0:00:23]} 20. Nxd4 {[%emt 0:00:00]} Nxh4 {[%emt 0:00:01]} 21. Rac1 {[%emt 0:00:57]} Kd7 {[%emt 0:02:03]} 22. Rfd1 {[%emt 0:00:06]} Nf6 {[%emt 0:01:42]} 23. g3 {[%emt 0:00:16]} Ng6 {[%emt 0:00:05]} 24. Rc3 {[%emt 0:00:20]} Ne5 {[%emt 0:00:40]} 25. N4f3 {[%emt 0:01:14]} Neg4 {[%emt 0:00:29]} 26. Rdc1 {[%emt 0:00:47]} Rac8 {[%emt 0:00:36]} 27. Rxc8 {[%emt 0:00:03]} Rxc8 {[%emt 0:00:39]} 28. Rxc8 {[%emt 0:00:01]} Kxc8 {[%emt 0:00:00]} 29. Ng5 {[%emt 0:00:00]} Nh6 {[%emt 0:00:01]} 30. Kg2 {[%emt 0:00:12]} Kd7 {[%emt 0:00:06]} 31. Kf3 {[%emt 0:00:04]} Nfg4 {[%emt 0:00:45]} 32. Ke2 {[%emt 0:00:09]} Kd6 {[%emt 0:00:25]} 33. Ndf3 {[%emt 0:00:22]} Ne5 {[%emt 0:00:40]} 34. Nh4 {[%emt 0:00:08]} Kc5 {[%emt 0:00:22]} 35. a3 {[%emt 0:00:53]} a5 {[%emt 0:00:42]} 36. Nh3 {[%emt 0:00:55]} Kd4 {[%emt 0:00:40]} 37. Kd2 {[%emt 0:00:18]} a4 {[%emt 0:00:17]} 38. bxa4 {[%emt 0:01:44]} Nc4+ {[%emt 0:00:03]} 39. Kc2 {[%emt 0:00:00]} Nxa3+ {[%emt 0:00:13]} 40. Kb3 {[%emt 0:00:02]} Nc4 {[%emt 0:00:01]} 41. Nf4 {[%emt 0:00:14]} Ng4 {[%emt 0:00:41]} 42. Nf3+ {[%emt 0:01:18]} Kc5 {[%emt 0:00:09]} 43. Nd3+ {[%emt 0:00:48]} Kd6 {[%emt 0:00:02]} 44. Ng5 {[%emt 0:00:45]} f6 {[%emt 0:00:51]} 45. Nh3 {[%emt 0:00:02]} f5 {[%emt 0:00:19]} 46. Nhf4 {[%emt 0:00:13]} Nce5 {[%emt 0:00:32]} 47. Kc3 {[%emt 0:00:51]} Nxd3 {[%emt 0:01:10]} 48. Nxd3 {[%emt 0:00:00]} Ne5 {[%emt 0:00:03]} 49. Nf4 {[%emt 0:00:03]} Ng4 {[%emt 0:00:15]} 50. Nd3 {[%emt 0:00:02]} Nf6 {[%emt 0:00:52]} 51. a5 {[%emt 0:00:30]} Ne4+ {[%emt 0:00:19]} 52. Kb4 {[%emt 0:00:01]} Kc6 {[%emt 0:00:09]} 53. Ne5+ {[%emt 0:00:01]} Kd6 {[%emt 0:00:22]} 54. Nd3 {[%emt 0:00:00]} Kc6 {[%emt 0:00:13]} 55. Ne5+ {[%emt 0:00:02]} Kd6 {[%emt 0:00:01]} 56. Nd3 {[%emt 0:00:00]} 1/2-1/2

[Event "Saint Louis Rapid 2020"]
[Site "Saint Louis"]
[Date "2020.09.17"]
[Round "8"]
[White "Firouzja, Alireza"]
[Black "Grischuk, Alexander"]
[Result "1/2-1/2"]
[WhiteElo "2728"]
[BlackElo "2777"]
[Annotator "TA RC"]
[PlyCount "54"]
[EventDate "2020.09.15"]
[EventType "rapid"]
[EventCountry "USA"]

{[%evp 17,54,25,18,25,10,-7,-1,0,0,-42,-48,-50,-39,-47,-41,-45,-54,-103,-77,-67,-80,-62,-43,-26,0,0,0,0,0,0,0,0,0,0,0,0,0,0,0]} 1. e4 e5 2. Nf3 Nc6 3. Bc4 Bc5 4. c3 Nf6 5. d3 d6 6. O-O O-O 7. Re1 Bb6 8. h3 Ne7 9. Bb3 Ng6 10. Nbd2 {[%cal Bb1d2,Bd2f1,Bf1g3,Bg3e2][%mdl 32] C54: Giuoco Piano: 4 c3 Nf6, main lines with 5 d4 and 5 d3.} c6 11. d4 exd4 12. cxd4 d5 13. e5 Nh5 $1 14. Bc2 Nhf4 15. Nf1 f6 16. Bxf4 Nxf4 {[#]} 17. Ng3 $5 $146 {[%mdl 8] New and interesting.} ({Predecessor:} 17. Qd2 fxe5 18. Rxe5 Qf6 19. Re3 Be6 20. Rae1 Rae8 21. Ng3 c5 22. Ne5 cxd4 23. Rf3 Qg5 24. Qb4 d3 25. Bxd3 Nxh3+ {0-1 (25) Kasimdzhanov,R (2700)-Giri,A (2752) Rosmalen 2014}) 17... fxe5 18. Rxe5 Bc7 19. Re3 Qf6 20. Ne2 Bxh3 21. gxh3 {The position is equal.} Nxh3+ 22. Kg2 $1 {[%cal Rg2h3]} Nxf2 $1 23. Kxf2 {[#] Strongly threatening Qh1.} Qh4+ $1 24. Kg2 Qg4+ 25. Kf2 {Qh1 is the strong threat.} Qh4+ $1 26. Kg2 Qg4+ 27. Kf2 {[#] Black must now prevent Qh1.} Qh4+ $1 {Accuracy: White = 86%, Black = 87%.} 1/2-1/2

[Event "Saint Louis Rapid 2020"]
[Site "Saint Louis"]
[Date "2020.09.17"]
[Round "9"]
[White "Nepomniachtchi, Ian"]
[Black "Firouzja, Alireza"]
[Result "1/2-1/2"]
[WhiteElo "2784"]
[BlackElo "2728"]
[Annotator "TA"]
[PlyCount "47"]
[EventDate "2020.09.15"]
[EventType "rapid"]
[EventCountry "USA"]

{[%evp 9,47,19,31,9,28,16,29,24,18,11,11,0,14,5,30,34,35,0,10,2,0,0,0,0,0,0,0,0,0,0,0,0,0,-6,-5,-14,0,-38,-35,-31]} 1. e4 c6 2. Nf3 (2. d4 d5 3. e5 Bf5 4. Nf3 e6 5. Be2 Ne7 6. c3 h6 7. O-O Nd7 8. Nbd2 a5 9. Re1 a4 10. Nf1 Bg6 11. Ng3 c5 12. Bb5 Qa5 13. Bxd7+ Kxd7 14. dxc5 Qxc5 15. Be3 Qb5 {0-1 (64) Nepomniachtchi,I (2784)-Firouzja,A (2728) chess24.com INT 2020}) 2... d5 3. d3 g6 4. e5 f6 5. d4 Bg7 6. exf6 {B10: Caro-Kann: 2 d3 and 2 c4.} Nxf6 7. Be2 {[#]} Qd6 $146 ({Predecessor:} 7... O-O 8. O-O Bg4 9. Nbd2 Nbd7 10. c3 Qc7 11. h3 Bf5 12. Re1 Rae8 13. Nf1 e5 14. dxe5 Nxe5 {0-1 (40) Chigaev,M (2644)-Lenderman,A (2648) chess24.com INT 2020}) 8. O-O {White has an edge.} Nbd7 9. c4 e5 10. cxd5 Nxd5 11. Nc3 exd4 12. Nxd4 N7b6 13. Bf3 {[#] Hoping for Ndb5.} (13. a4 $5 {[%cal Ra4a5]}) 13... O-O 14. Nxd5 Nxd5 15. Nb5 Qc5 16. Bxd5+ $1 Qxd5 17. Qxd5+ cxd5 18. Nc7 Rb8 19. Nxd5 Be6 20. Nc3 b5 21. a3 a5 22. Re1 Bc4 23. Be3 b4 24. axb4 {Accuracy: White = 85%, Black = 100%.} 1/2-1/2

[Event "Saint Louis Rapid 2020"]
[Site "Saint Louis"]
[Date "2020.09.17"]
[Round "9"]
[White "Grischuk, Alexander"]
[Black "Carlsen, Magnus"]
[Result "1-0"]
[WhiteElo "2777"]
[BlackElo "2863"]
[Annotator "TA RC"]
[PlyCount "91"]
[EventDate "2020.09.15"]
[EventType "rapid"]
[EventCountry "USA"]

{[%evp 14,91,54,40,55,55,58,37,31,32,36,12,70,50,68,47,65,43,40,11,25,30,44,32,58,27,106,108,114,111,185,166,258,257,312,268,334,327,362,329,439,448,416,372,350,355,365,377,374,356,367,356,342,351,347,348,347,346,346,339,334,333,381,371,362,339,372,312,365,383,412,377,370,356,606,590,596,581,737,740]} 1. e4 c5 2. Nf3 d6 3. d4 cxd4 4. Nxd4 Nf6 5. Nc3 g6 6. Be3 Bg7 7. f3 a6 8. Qd2 h5 {B75: Sicilian Dragon: Yugoslav Attack, Miscellaneous.} 9. Bc4 Nbd7 10. Bb3 Nc5 {White is slightly better.} 11. O-O-O b5 12. Kb1 Bb7 {[#]} (12... Bd7 $11) 13. a3 $146 ({Predecessor:} 13. Nd5) 13... Nxb3 14. cxb3 (14. Nxb3 {looks sharper.} Nd7 15. Bd4 Ne5 16. Qf2 O-O 17. g4) 14... Rc8 15. Nc2 Qc7 16. Bd4 O-O 17. Qf2 e5 18. Bb6 Qd7 19. Nb4 Rxc3 (19... Ne8 $11) 20. bxc3 $16 {White leaves nothing to chance now.} Qe6 21. Kb2 Rc8 (21... d5 $16) 22. Ba5 $18 {[#] Black must now prevent Qb6.} d5 (22... Bxe4 $142 23. Qb6 (23. fxe4 Nxe4 {[%mdl 64] Double Attack} 24. Qb6 Nxc3 $11) (23. Nxa6 Bc6 $16) 23... Nd5 24. Nxd5 (24. Qxa6 Rxc3 25. Qxb5 Rc5 $19) 24... Bxd5) 23. Qa7 Ba8 24. Nxa6 Bf8 25. Nc7 Qe7 26. Nxb5 Qe8 27. Nc7 Qe7 28. Bb6 dxe4 29. Nxa8 Qxa7 30. Bxa7 Rxa8 31. Bf2 Bxa3+ 32. Kc2 Be7 {[#] And now ...Ra2+ would win.} 33. Ra1 Rc8 34. Rhd1 exf3 35. gxf3 e4 36. fxe4 Nxe4 37. Bd4 f5 38. Kb2 Kf7 39. b4 g5 40. Kb3 g4 41. Ra7 Ke6 42. Ra6+ Kf7 43. c4 {[%cal Bc3c4,Bc4c5][%mdl 32]} Bd6 $2 (43... Bg5 44. c5 h4) 44. Bg1 {White is clearly winning.} Ke7 45. c5 Be5 46. Rd5 {Accuracy: White = 93%, Black = 53%.} 1-0

[Event "Saint Louis Rapid 2020"]
[Site "Saint Louis"]
[Date "2020.09.17"]
[Round "9"]
[White "Harikrishna, Pentala"]
[Black "So, Wesley"]
[Result "0-1"]
[WhiteElo "2732"]
[BlackElo "2770"]
[Annotator "TA"]
[PlyCount "138"]
[EventDate "2020.09.15"]
[EventType "rapid"]
[EventCountry "USA"]

{[%evp 18,138,16,16,8,11,13,8,22,3,10,1,4,0,0,-14,0,0,0,-13,-13,-13,-8,-13,-10,-56,0,0,0,-95,-99,-102,-91,-90,-24,-81,-83,-87,0,0,0,-93,-89,-98,-91,-98,-105,-103,-91,-81,-93,-162,-193,-193,-192,-169,-145,-341,-343,-341,-333,-321,-314,-710,-629,-686,-569,-704,-707,-692,-653,-629,-615,-507,-427,-747,-725,-747,-745,-691,-720,-668,-662,-875,-877,-846,-756,-807,-685,-1086,-1089,-886,-893,-5701,-6610,-12832,-12833,-12832,-12833,-12835,-12836,-12835,0,-2232,0,-12835,-12834,-12847,-12839,-12840,-12840,-12841,-12841,-12842,-12842,-12844,-12843,-12851,-29978,-12851,-29981,-12851,-27999]} 1. e4 e5 2. Nf3 Nc6 3. Bb5 Nf6 4. O-O Nxe4 5. Re1 Nd6 6. Nxe5 Be7 7. Bf1 Nxe5 8. Rxe5 O-O 9. d4 Bf6 10. Re1 Re8 $1 {10...Re8 scores better than 10...Nf5. C67: Ruy Lopez: Berlin Defence: 4 0-0 Nxe4.} 11. c3 Rxe1 12. Qxe1 Ne8 {The position is equal.} 13. a4 a5 14. d5 d6 {[#]} 15. Bd3 $146 ({Predecessor:} 15. Na3 Bd7 16. Nc4 Bg5 17. Be3 Bxe3 18. Nxe3 Nf6 19. Qd1 Qe7 20. Qb3 b6 21. Qc4 {½-½ (43) Nepomniachtchi,I (2784)-Giri,A (2764) chess24.com INT 2020}) 15... Bd7 16. Na3 Bg5 17. Qe4 g6 18. Bb5 {And now Bxg5 would win.} Bxc1 19. Rxc1 Qg5 20. Re1 Nf6 $36 {[%mdl 2048] Black has some pressure.} 21. Qd4 Re8 ({Black should try} 21... Bh3 $1 $15 22. Bf1 Nxd5) 22. Rxe8+ $11 Nxe8 23. f4 (23. Qd1 $11 {remains equal.} Nf6 24. Bxd7 Nxd7 25. Nc4) 23... Qe7 $17 {Threatens to win with ...Bxb5.} 24. h3 Bxb5 25. Nxb5 Qe1+ 26. Kh2 Ng7 27. Qg1 Qd2 28. Qd4 Qe1 29. Qg1 $1 {[%cal Rg1e1]} Qe2 $1 30. Qa7 {Strongly threatening Qb8+.} Nh5 31. Qd4 Qe1 32. Nxc7 Qg3+ $1 33. Kh1 Nxf4 {[%csl Gf4][%cal Rg3g2]} 34. Qe4 (34. Qd2 $17) 34... Qf2 $19 {...Ne2 is the strong threat.} 35. Qf3 {[#]} Qxf3 $1 36. gxf3 {[%mdl 4096] Endgame KN-KN} Kf8 (36... Nxh3 $6 37. Ne8 $11) 37. b4 $2 (37. Kh2 $17 {is a better defense.}) 37... axb4 ({Not} 37... Nxh3 38. Kh2 $17) 38. cxb4 Ke7 ({Less strong is} 38... Nxh3 39. b5 $15) 39. b5 {[#]} b6 $1 {[%cal Bb7b6,Bb6a5,Ba5a4][%mdl 32]} ({Worse is} 39... Nxh3 40. a5 $15) 40. a5 $2 (40. Na6 Nxd5 41. Kg2) 40... bxa5 41. b6 Kd7 42. Nb5 {Black must now prevent b7.} Kc8 43. Nxd6+ Kb8 44. Nc4 a4 45. d6 Kb7 46. d7 (46. Kh2 $142 Kc6 47. Kg3) 46... Ne6 47. Kg1 Kc6 48. Kf2 Kxd7 49. Ke3 Kc6 50. Kd2 f6 51. Kc3 Nc5 52. Kb4 Nd7 53. Nd2 Nxb6 54. Ne4 h6 55. h4 f5 56. Ng3 h5 57. Ne2 Kd6 58. Ka3 Ke5 59. Kb4 Kd6 (59... Nd5+ $142 60. Kc4 Nf4) 60. Ka3 $1 Ke5 (60... Nc4+ $142 61. Kxa4 Ne5) 61. Kb4 Nd5+ 62. Kxa4 Nf4 63. Nc3 Ng2 64. Ne2 f4 65. Kb4 Nxh4 66. Ng1 {[#]} Nxf3 $1 {[%mdl 512]} 67. Nxf3+ Ke4 (67... Kf6 $19 68. Kc3 g5) 68. Nd2+ Ke3 (68... Kd3 $19 69. Nf1 Ke2) 69. Nc4+ Ke2 {Accuracy: White = 64%, Black = 96%.} (69... Kd4 $19 70. Nd2 Kd3) 0-1

[Event "Saint Louis Rapid 2020"]
[Site "Saint Louis"]
[Date "2020.09.17"]
[Round "9"]
[White "Xiong, Jeffery"]
[Black "Nakamura, Hikaru"]
[Result "1/2-1/2"]
[WhiteElo "2709"]
[BlackElo "2736"]
[Annotator "ChessBase"]
[PlyCount "59"]
[EventDate "2020.09.15"]
[EventType "rapid"]
[EventCountry "USA"]
[TimeControl "1500+5"]

1. d4 {[%emt 0:00:05]} Nf6 {[%emt 0:00:05]} 2. c4 {[%emt 0:00:01]} e6 {[%emt 0:00:01]} 3. Nc3 {[%emt 0:00:01]} Bb4 {[%emt 0:00:01]} 4. Qc2 {[%emt 0:00:01]} O-O {[%emt 0:00:02]} 5. Nf3 {[%emt 0:00:01]} d5 {[%emt 0:00:16]} 6. Bg5 {[%emt 0:00:02]} h6 {[%emt 0:00:05]} 7. Bxf6 {[%emt 0:00:01]} Qxf6 {[%emt 0:00:00]} 8. a3 {[%emt 0:00:01]} Bxc3+ {[%emt 0:00:03]} 9. Qxc3 {[%emt 0:00:00]} dxc4 {[%emt 0:00:01]} 10. Qxc4 {[%emt 0:00:00]} Nc6 {[%emt 0:00:03]} 11. Qc3 {[%emt 0:01:27]} Re8 {[%emt 0:00:03]} 12. Rd1 {[%emt 0:00:02]} e5 {[%emt 0:02:11]} 13. d5 {[%emt 0:00:02]} Nb8 {[%emt 0:00:02]} 14. e3 {[%emt 0:00:02]} Bg4 {[%emt 0:00:27]} 15. Be2 {[%emt 0:00:02]} Nd7 {[%emt 0:00:59]} 16. e4 {[%emt 0:00:02]} Qd6 {[%emt 0:01:14]} 17. O-O {[%emt 0:02:12]} Nf6 {[%emt 0:00:04]} 18. Qc4 {[%emt 0:05:21]} Bxf3 {[%emt 0:01:15]} 19. Bxf3 {[%emt 0:00:03]} Rec8 {[%emt 0:00:01]} 20. Qc3 {[%emt 0:00:57]} Rab8 {[%emt 0:01:09]} 21. Rd2 {[%emt 0:01:22]} Rd8 {[%emt 0:04:39]} 22. Rfd1 {[%emt 0:00:30]} Rbc8 {[%emt 0:00:02]} 23. h3 {[%emt 0:00:08]} Qe7 {[%emt 0:00:18]} 24. Qa5 {[%emt 0:00:38]} a6 {[%emt 0:00:18]} 25. Qc3 {[%emt 0:00:35]} c6 {[%emt 0:01:15]} 26. d6 {[%emt 0:04:30]} Qe6 {[%emt 0:00:03]} 27. d7 {[%emt 0:00:44]} Rc7 {[%emt 0:00:28]} 28. Qa5 {[%emt 0:00:01]} Rdxd7 {[%emt 0:00:38]} 29. Rxd7 {[%emt 0:00:02]} Rxd7 {[%emt 0:00:02]} 30. Rxd7 {[%emt 0:00:00]} 1/2-1/2